000 00547nam a22001577a 4500
005 20161129092019.0
008 161129b xxu||||| |||| 00| 0 eng d
050 _aHD5838.S432
100 _aMcLaughlin, Janice
_927650
245 _aThe scourge of human trafficking
_bmodern-day slavery
_cby McLaughlin, Janice
260 _aHarare
_bThe African Forum for Catholic Social Teaching
_c2016
300 _avii, 59p.;
_c21cm.
650 _aMigrant labor
_zAfrica
_927651
650 _aMigrant labor
_xSocial aspects
_927652
942 _2lcc
_cMONOGRAPH
999 _c125793
_d125793